Statistics for Famous People Born in South Dakota

Click here to take the quiz!

General Stats

  • This quiz has been taken 101 times
  • The average score is 2 of 6

Answer Stats

DescriptionFamous PersonBirth City% Correct
1972 Democratic NomineeGeorge McGovernAvon
57%
Vice president under LBJHubert HumphreyWallace
50%
Actress of Mad Men and X-Men 4January JonesSioux Falls
43%
Actress as motherly or grandmother rolesAmy HillDeadwood
32%
Singer of Sunny Came HomeShawn ColvinVermillion
25%
Announcer of Laugh-inGary OwensMitchell
7%

Score Distribution

Percentile by Number Answered

Percent of People with Each Score

Your Score History

You have not taken this quiz